[Event "Heart of Finland op 32nd"]
[Site "Jyvaskyla"]
[Date "2024.07.21"]
[Round "9"]
[White "Torkkola, Henri"]
[Black "Valpas, Jami"]
[Result "1-0"]
[WhiteElo "2203"]
[BlackElo "1995"]
[PlyCount "135"]
[EventDate "2024.07.15"]
[EventType "swiss"]
[EventRounds "9"]
[EventCountry "FIN"]
[SourceTitle "CBM 221 Extra"]
[Source "ChessBase"]
[SourceDate "2024.09.30"]
[SourceVersion "1"]
[SourceVersionDate "2024.09.30"]
[SourceQuality "1"]

1. d4 Nf6 2. Nf3 d5 3. Bf4 e6 4. e3 Bd6 5. Ne5 0-0 6. Nd2 b6 7. c3 Bb7 8. Bd3 Nc6 9. h4 Nd7 10. Ndf3 f5 11. g4 Bxe5 12. dxe5 Nc5 13. gxf5 Nxd3+ 14. Qxd3 Rxf5 15. 0-0-0 Qf8 16. Rdg1 d4 17. Rh3 dxc3 18. Bh6 cxb2+ 19. Kb1 Nb4 20. Qd4 c5 21. Qd1 Rxf3 22. Rxg7+ Qxg7 23. Bxg7 Be4+ 24. Kxb2 Rxh3 25. Bf6 Nd3+ 26. Kc3 Bg6 27. Qg4 Nxf2 28. Qxe6+ Bf7 29. Qf5 Rxe3+ 30. Kd2 Ra3 31. Qg5+ Bg6 32. Qh6 Ne4+ 33. Kc1 Kf7 34. h5 Nxf6 35. hxg6+ hxg6 36. Qf4 Kg7 37. Qxf6+ Kh7 38. e6 Re3 39. Qf7+ Kh8 40. Qxg6 Re1+ 41. Kd2 Rh1 42. Qf6+ Kg8 43. Qg5+ Kh8 44. Qe5+ Kg8 45. e7 Kf7 46. Qd5+ Kxe7 47. Qxh1 Rd8+ 48. Kc3 Rd4 49. Qh7+ Kd6 50. Qxa7 Kc6 51. Qa6 Rh4 52. a4 Rh3+ 53. Kc4 Rh4+ 54. Kd3 Rd4+ 55. Kc3 Kc7 56. Qa8 Rb4 57. Qe8 Rd4 58. Qe7+ Kc6 59. Qe2 Rb4 60. Qa6 Kc7 61. Qa7+ Kc6 62. Qb8 Rd4 63. Qc8+ Kd6 64. Qb7 Rb4 65. Kc2 Ke5 66. Qc6 Kd4 67. Qd6+ Kc4 68. Qd3# 1-0

[Event "Heart of Finland op 32nd"]
[Site "Jyvaskyla"]
[Date "2024.07.16"]
[Round "3"]
[White "Nisula, Timo"]
[Black "Valpas, Jami"]
[Result "0-1"]
[WhiteElo "1895"]
[BlackElo "1995"]
[PlyCount "80"]
[EventDate "2024.07.15"]
[EventType "swiss"]
[EventRounds "9"]
[EventCountry "FIN"]
[SourceTitle "CBM 221 Extra"]
[Source "ChessBase"]
[SourceDate "2024.09.30"]
[SourceVersion "1"]
[SourceVersionDate "2024.09.30"]
[SourceQuality "1"]

1. e4 c5 2. Nf3 g6 3. d4 cxd4 4. Qxd4 Nf6 5. e5 Nc6 6. Qc4 d5 7. exd6 Qxd6 8. Be2 Bg7 9. 0-0 0-0 10. Rd1 Qb4 11. c3 Qxc4 12. Bxc4 Bg4 13. Be2 Rad8 14. h3 Rxd1+ 15. Bxd1 Rd8 16. Be2 Bf5 17. Na3 Ne4 18. Be3 a6 19. Rd1 Rxd1+ 20. Bxd1 b5 21. Bb3 Nd6 22. Bd5 Be4 23. Bxe4 Nxe4 24. Nc2 Nd6 25. Ncd4 Na5 26. Nb3 Nac4 27. Bc1 a5 28. Nbd4 Kf8 29. Nc6 Ke8 30. b3 Kd7 31. bxc4 Kxc6 32. cxb5+ Nxb5 33. Bd2 Nxc3 34. Ng5 Kb5 35. Nxf7 Nxa2 36. Ng5 a4 37. Ne6 Bf6 38. Nf8 a3 39. Nxh7 Bc3 40. Be3 Nb4 0-1

[Event "Heart of Finland op 32nd"]
[Site "Jyvaskyla"]
[Date "2024.07.16"]
[Round "2"]
[White "Valpas, Jami"]
[Black "Miezis, Normunds"]
[Result "0-1"]
[WhiteElo "1995"]
[BlackElo "2411"]
[PlyCount "92"]
[EventDate "2024.07.15"]
[EventType "swiss"]
[EventRounds "9"]
[EventCountry "FIN"]
[SourceTitle "CBM 221 Extra"]
[Source "ChessBase"]
[SourceDate "2024.09.30"]
[SourceVersion "1"]
[SourceVersionDate "2024.09.30"]
[SourceQuality "1"]

1. e4 c5 2. Nf3 e6 3. d4 cxd4 4. Nxd4 a6 5. Nc3 Qc7 6. Be2 b5 7. Bf3 Bb7 8. 0-0 Nc6 9. Nxc6 dxc6 10. Qe2 Bd6 11. g3 Nf6 12. Bg2 e5 13. Bg5 Nd7 14. Rfd1 Nc5 15. Qd2 Bf8 16. Bh3 h6 17. Be3 Be7 18. b4 Rd8 19. Qe2 Nd7 20. a3 Bc8 21. Rd2 Nf6 22. Rxd8+ Qxd8 23. Rd1 Qc7 24. Bxc8 Qxc8 25. f3 0-0 26. Qf2 Rd8 27. Rxd8+ Qxd8 28. Qd2 Qc7 29. Qf2 Nd7 30. Kg2 Nf8 31. Bc5 Bxc5 32. Qxc5 Ne6 33. Qe3 Qd8 34. Ne2 Qd1 35. Qd3 Qe1 36. c4 g5 37. c5 a5 38. Nc3 axb4 39. axb4 Nd4 40. f4 g4 41. fxe5 Nf3 42. Ne2 Nxe5 43. Qe3 Qxb4 44. h3 gxh3+ 45. Kxh3 Qe1 46. Kg2 b4 0-1

[Event "Heart of Finland op 31st"]
[Site "Jyvaskyla"]
[Date "2023.07.20"]
[Round "5"]
[White "Torkkola, Henri"]
[Black "Valpas, Jami"]
[Result "1-0"]
[WhiteElo "2170"]
[BlackElo "1792"]
[PlyCount "49"]
[EventDate "2023.07.17"]
[EventType "swiss"]
[EventRounds "9"]
[EventCountry "FIN"]
[SourceTitle "CBM 215 Extra"]
[Source "ChessBase"]
[SourceDate "2023.09.30"]
[SourceVersion "1"]
[SourceVersionDate "2023.09.30"]
[SourceQuality "1"]

1. d4 d5 2. Bf4 c5 3. e3 cxd4 4. exd4 Nc6 5. Nf3 Bf5 6. c4 e6 7. c5 f6 8. Qb3 Qd7 9. h4 e5 10. dxe5 Bxc5 11. Bb5 0-0-0 12. Nbd2 Nge7 13. Rc1 Bb6 14. 0-0 Bc7 15. Nd4 fxe5 16. Nxc6 Nxc6 17. Rxc6 exf4 18. Rfc1 Qxc6 19. Bxc6 bxc6 20. Rxc6 Rhe8 21. Nf3 Rd7 22. Nd4 Bg6 23. Nb5 Ree7 24. Nxa7+ Kd8 25. Qb8+ 1-0

[Event "Heart of Finland op 31st"]
[Site "Jyvaskyla"]
[Date "2023.07.19"]
[Round "4"]
[White "Valpas, Jami"]
[Black "Khanov, Pavel"]
[Result "1-0"]
[WhiteElo "1792"]
[BlackElo "1984"]
[PlyCount "75"]
[EventDate "2023.07.17"]
[EventType "swiss"]
[EventRounds "9"]
[EventCountry "FIN"]
[SourceTitle "CBM 215 Extra"]
[Source "ChessBase"]
[SourceDate "2023.09.30"]
[SourceVersion "1"]
[SourceVersionDate "2023.09.30"]
[SourceQuality "1"]

1. e4 c6 2. d4 d5 3. Nc3 dxe4 4. Nxe4 Bf5 5. Ng3 Bg6 6. h4 h6 7. Nf3 e6 8. h5 Bh7 9. Bd3 Bxd3 10. Qxd3 Nf6 11. Bd2 Nbd7 12. Ne4 Qc7 13. 0-0-0 0-0-0 14. g3 Nxe4 15. Qxe4 Bd6 16. Kb1 Kb8 17. c4 Nf6 18. Qe2 c5 19. Bc3 Ka8 20. d5 Rde8 21. Bxf6 gxf6 22. Rhe1 f5 23. Qd3 Rd8 24. Qc3 f4 25. g4 Qe7 26. dxe6 fxe6 27. Ne5 Bxe5 28. Qxe5 a6 29. Qxf4 Rdf8 30. Qe3 Rhg8 31. f3 Qf7 32. Rd3 e5 33. Qe4 Rd8 34. Rd5 Rgf8 35. Re3 Qf6 36. Qxe5 Qh4 37. Qe7 Qh1+ 38. Re1 1-0

[Event "Nordic-ch U14"]
[Site "Torshavn"]
[Date "2021.09.12"]
[Round "6"]
[White "Valpas, Jami"]
[Black "Moller, Tomas"]
[Result "1-0"]
[WhiteElo "1440"]
[BlackElo "1402"]
[PlyCount "105"]
[EventDate "2021.09.10"]
[EventType "swiss"]
[EventRounds "6"]
[EventCountry "FAI"]
[SourceTitle "EXT 2023"]
[Source "ChessBase"]
[SourceDate "2022.10.05"]
[SourceVersion "1"]
[SourceVersionDate "2022.10.05"]
[SourceQuality "1"]

1. e4 c5 2. d4 cxd4 3. Nf3 Nc6 4. Nxd4 e6 5. Nc3 Qc7 6. Ndb5 Qb8 7. f4 a6 8. Nd4 d6 9. Be2 Qc7 10. Be3 b5 11. Bf3 Bb7 12. 0-0 Nf6 13. Nxc6 Bxc6 14. e5 Nd7 15. exd6 Bxd6 16. Bxc6 Qxc6 17. Qf3 Qxf3 18. Rxf3 Nf6 19. Rd1 Be7 20. a3 0-0 21. Bd4 Rfd8 22. Rfd3 Nd5 23. Nxd5 Rxd5 24. Bf2 Rad8 25. Rxd5 Rxd5 26. Rxd5 exd5 27. Kf1 Kf8 28. Bd4 Ke8 29. Bxg7 f6 30. f5 Kd7 31. Bh6 Kc6 32. Be3 a5 33. Ke2 Kd6 34. Bd4 Kd7 35. Kd3 Kc6 36. c3 a4 37. g4 h6 38. h4 Kd6 39. Ke3 Kd7 40. Kf3 Ke8 41. Be3 Bf8 42. g5 hxg5 43. hxg5 fxg5 44. Bxg5 Kd7 45. Ke3 Kc6 46. Kd4 Bc5+ 47. Ke5 Bd6+ 48. Ke6 Bf8 49. Be7 Bh6 50. f6 Bg5 51. f7 Bh6 52. f8Q Bxf8 53. Bxf8 1-0

[Event "Nordic-ch U14"]
[Site "Torshavn"]
[Date "2021.09.10"]
[Round "1"]
[White "Valpas, Jami"]
[Black "Hald Falkesgaard, Jeppe"]
[Result "0-1"]
[WhiteElo "1440"]
[BlackElo "1868"]
[PlyCount "134"]
[EventDate "2021.09.10"]
[EventType "swiss"]
[EventRounds "6"]
[EventCountry "FAI"]
[SourceTitle "EXT 2023"]
[Source "ChessBase"]
[SourceDate "2022.10.05"]
[SourceVersion "1"]
[SourceVersionDate "2022.10.05"]
[SourceQuality "1"]

1. e4 c5 2. d4 cxd4 3. Nf3 Nc6 4. Nxd4 e6 5. Nc3 Qc7 6. Ndb5 Qb8 7. f4 a6 8. Nd4 b5 9. Nxc6 dxc6 10. e5 Ne7 11. Be2 Qb6 12. Qd3 Nf5 13. Ne4 Bb7 14. Nd6+ Bxd6 15. exd6 Rd8 16. c3 Rxd6 17. Qh3 c5 18. 0-0 c4+ 19. Rf2 0-0 20. g4 Ne7 21. Be3 Qc6 22. Bf3 Qc7 23. Bxb7 Qxb7 24. Bd4 Nc6 25. Qg2 Rfd8 26. Rd1 Qd7 27. Rfd2 Nxd4 28. cxd4 Qc6 29. Qxc6 Rxc6 30. Kf2 Rd5 31. Ke3 f6 32. Rc1 Kf7 33. a3 Rc8 34. b3 g5 35. fxg5 Rxg5 36. h3 h5 37. Kf4 hxg4 38. hxg4 Rcg8 39. bxc4 Rxg4+ 40. Ke3 Rg3+ 41. Ke2 Rg2+ 42. Kd1 Rg1+ 43. Kc2 Rxc1+ 44. Kxc1 bxc4 45. Rc2 Rc8 46. Kd2 Ke7 47. Kc3 Kd6 48. Rf2 f5 49. Re2 Rc7 50. Re1 Rh7 51. Kxc4 Rh3 52. a4 Rh4 53. a5 Rh2 54. Rb1 Rc2+ 55. Kd3 Ra2 56. Rb6+ Kd5 57. Rxa6 Ra3+ 58. Ke2 Ra4 59. Ra8 Kxd4 60. a6 Ke4 61. a7 Ra2+ 62. Ke1 e5 63. Kf1 f4 64. Ke1 f3 65. Rb8 Rxa7 66. Rb4+ Ke3 67. Rb3+ Kf4 0-1